Confronting violence against women : (Record no. 14726)

MARC details
000 -LEADER
fixed length control field 01082nam a22002897a 4500
001 - CONTROL NUMBER
control field ENG-90664
003 - CONTROL NUMBER IDENTIFIER
control field dpl
005 - DATE AND TIME OF LATEST TRANSACTION
control field 20080801171135.0
008 - FIXED-LENGTH DATA ELEMENTS--GENERAL INFORMATION
fixed length control field 080801t xxu||||| |||| 00| 0 eng d
010 ## - LIBRARY OF CONGRESS CONTROL NUMBER
LC control number ENG-90667
020 ## - INTERNATIONAL STANDARD BOOK NUMBER
International Standard Book Number 8189654462
Terms of availability 595.00
035 ## - SYSTEM CONTROL NUMBER
System control number EN-74200
037 ## - SOURCE OF ACQUISITION
Source of stock number/acquisition DBAD / PUB
040 ## - CATALOGING SOURCE
Original cataloging agency DPL
082 ## - DEWEY DECIMAL CLASSIFICATION NUMBER
Classification number 362.83095433
245 ## - TITLE STATEMENT
Title Confronting violence against women :
Statement of responsibility, etc edited by Vineetha Menon [and] K.N. Nair
Remainder of title engendering Kerela's development experience /
260 ## - PUBLICATION, DISTRIBUTION, ETC. (IMPRINT)
Place of publication, distribution, etc Delhi
Name of publisher, distributor, etc Daanish Books
Date of publication, distribution, etc c2008
270 ## - ADDRESS
Address B-802, Taj Apartments, Gazipur,
City Delhi
Postal code 110 096
Electronic mail address daanishbooks@gmail.com
300 ## - PHYSICAL DESCRIPTION
Extent 306p.
Dimensions 22cm.(Hb)
490 ## - SERIES STATEMENT
Series statement Studies in local-level development; 8
500 ## - GENERAL NOTE
General note Includes and index
650 ## - SUBJECT ADDED ENTRY--TOPICAL TERM
Topical term or geographic name as entry element Women
General subdivision violence against
700 ## - ADDED ENTRY--PERSONAL NAME
Personal name Menon, Vineetha
700 ## - ADDED ENTRY--PERSONAL NAME
Personal name Nair, K.N.
942 ## - ADDED ENTRY ELEMENTS (KOHA)
Institution code [OBSOLETE] dpl
Koha item type English Books
Source of classification or shelving scheme Dewey Decimal Classification
Classification part 362.83095433
Call number suffix CON
Holdings
Withdrawn status Lost status Source of classification or shelving scheme Damaged status Not for loan Collection code Home library Current library Date acquired Source of acquisition Cost, normal purchase price Total Checkouts Full call number Barcode Date last seen Copy number Cost, replacement price Price effective from Koha item type
    Dewey Decimal Classification   Not For Loan Non-fiction D.B.Act.Division D.B.Act.Division 01/08/2008 DBAD / PUB 595.00   362.83095433 CON EN-74200 15/09/2008 1 595.00 15/09/2008 English Books

© Delhi Public Library
Hit Counter
free hit counter